Southville International School and Colleges
Your cart is empty.
  • Cart
  • Lists
    Public lists Eva Luna New books Lux_list list_1
    Your lists Log in to create your own lists
  • Log in to your account
  • Your cookies
  • Search history
Southville International School and Colleges
  • Advanced search
  • Recent comments
  • Most popular
  • Libraries

Log in to your account

Log in with GOOGLE


If you do not have an external account, but do have a local account, you can still log in:

  1. Home
  2. MARC view: The secret language of the soul :
Normal view MARC view ISBD view

The secret language of the soul : (Record no. 339826)

[ view plain ]
MARC details
000 -LEADER
fixed length control field 00605nam a2200241Ia 4500
008 - FIXED-LENGTH DATA ELEMENTS--GENERAL INFORMATION
fixed length control field 170711s9999 xx 000 0 und d
020 ## - INTERNATIONAL STANDARD BOOK NUMBER
International Standard Book Number 811838226
050 ## - LIBRARY OF CONGRESS CALL NUMBER
Classification number 200
050 ## - LIBRARY OF CONGRESS CALL NUMBER
Item number H791 2003
100 ## - MAIN ENTRY--PERSONAL NAME
Personal name Hope, Jane
245 #4 - TITLE STATEMENT
Title The secret language of the soul :
245 ## - TITLE STATEMENT
Remainder of title a visual key to the spiritual world /
245 ## - TITLE STATEMENT
Statement of responsibility, etc by Jane Hope.
260 ## - PUBLICATION, DISTRIBUTION, ETC. (IMPRINT)
Place of publication, distribution, etc Great Britain :
260 ## - PUBLICATION, DISTRIBUTION, ETC. (IMPRINT)
Name of publisher, distributor, etc Chronicle Books,
260 ## - PUBLICATION, DISTRIBUTION, ETC. (IMPRINT)
Date of publication, distribution, etc 2003
300 ## - PHYSICAL DESCRIPTION
Extent 272 pages :
300 ## - PHYSICAL DESCRIPTION
Other physical details some colored illustrations ;
300 ## - PHYSICAL DESCRIPTION
Dimensions 17cm.
500 ## - GENERAL NOTE
General note Includes index.
650 ## - SUBJECT ADDED ENTRY--TOPICAL TERM
Topical term or geographic name as entry element Religion.
700 ## - ADDED ENTRY--PERSONAL NAME
Personal name Title.

No items available.

The secret language of the soul :

APA

Hope J., Title, .The secret language of the soul. Great Britain: .

Chicago

Hope Jane, Title, .The secret language of the soul. Great Britain: .

Harvard

Hope J., Title, .The secret language of the soul. Great Britain: .

MLA

Hope Jane, Title, .Great Britain: . .

  • Print
  • Cite
  • Add to your cart (remove)
  • Save record
    BIBTEX Dublin Core MARCXML MARC (non-Unicode/MARC-8) MARC (Unicode/UTF-8) MARC (Unicode/UTF-8, Standard) MODS (XML) RIS
  • More searches
    Search for this title in:
    Other Libraries (WorldCat) Other Databases (Google Scholar) Online Stores (Bookfinder.com) Open Library (openlibrary.org)

Exporting to Dublin Core...

SOUTHVILLE LIBRARY

Southville International School and Colleges Library

1281 Tropical Ave. Cor. Luxembourg St., BF Homes International, Las Pinas City

Tel. No. 8256374 / 252358 Loc. 117/146

Powered by Koha